Judging the past in unified Germany / (Record no. 69429)

000 -LEADER
fixed length control field 01525cam a2200361 a 4500
001 - CONTROL NUMBER
control field 12143153
003 - CONTROL NUMBER IDENTIFIER
control field NUST - PNEC
005 - DATE AND TIME OF LATEST TRANSACTION
control field 20170116181118.0
008 - FIXED-LENGTH DATA ELEMENTS--GENERAL INFORMATION
fixed length control field 000815s2001 enka b 001 0 eng
010 ## - LIBRARY OF CONGRESS CONTROL NUMBER
LC control number 00064185
020 ## - INTERNATIONAL STANDARD BOOK NUMBER
International Standard Book Number 0521802083
020 ## - INTERNATIONAL STANDARD BOOK NUMBER
International Standard Book Number 0521001390 (pbk.)
040 ## - CATALOGING SOURCE
Original cataloging agency DLC
Transcribing agency LIBRARY
Modifying agency DLC
043 ## - GEOGRAPHIC AREA CODE
Geographic area code e-gx---
-- e-ge---
050 00 - LIBRARY OF CONGRESS CALL NUMBER
Classification number DD290.29
Item number .M49 2001
082 00 - DEWEY DECIMAL CLASSIFICATION NUMBER
Classification number 943.08 MCA
Edition number 21
100 1# - MAIN ENTRY--PERSONAL NAME
Personal name McAdams, A. James.
245 10 - TITLE STATEMENT
Title Judging the past in unified Germany /
Statement of responsibility, etc. A. James McAdams.
260 ## - PUBLICATION, DISTRIBUTION, ETC.
Place of publication, distribution, etc. Cambridge, UK ;
-- New York :
Name of publisher, distributor, etc. Cambridge University Press,
Date of publication, distribution, etc. 2001.
300 ## - PHYSICAL DESCRIPTION
Extent xix, 244 p. :
Other physical details ill. ;
Dimensions 24 cm.
504 ## - BIBLIOGRAPHY, ETC. NOTE
Bibliography, etc. note Includes bibliographical references (p. 227-238) and index.
650 #0 - SUBJECT ADDED ENTRY--TOPICAL TERM
Topical term or geographic name entry element Justice, Administration of
Geographic subdivision Germany (East)
650 #0 - SUBJECT ADDED ENTRY--TOPICAL TERM
Topical term or geographic name entry element Justice, Administration of
General subdivision General book
Geographic subdivision Germany.
650 #0 - SUBJECT ADDED ENTRY--TOPICAL TERM
Topical term or geographic name entry element Justice, Administration of
General subdivision Political aspects
Geographic subdivision Germany (East)
651 #0 - SUBJECT ADDED ENTRY--GEOGRAPHIC NAME
Geographic name Germany
General subdivision History
Chronological subdivision Unification, 1990.
651 #0 - SUBJECT ADDED ENTRY--GEOGRAPHIC NAME
Geographic name Germany (East)
General subdivision Politics and government.
856 42 - ELECTRONIC LOCATION AND ACCESS
Materials specified Book review (H-Net)
Uniform Resource Identifier <a href="http://www.h-net.org/review/hrev-a0c8a4-aa">http://www.h-net.org/review/hrev-a0c8a4-aa</a>
856 42 - ELECTRONIC LOCATION AND ACCESS
Materials specified Publisher description
Uniform Resource Identifier <a href="http://www.loc.gov/catdir/description/cam021/00064185.html">http://www.loc.gov/catdir/description/cam021/00064185.html</a>
856 41 - ELECTRONIC LOCATION AND ACCESS
Materials specified Table of contents
Uniform Resource Identifier <a href="http://www.loc.gov/catdir/toc/cam025/00064185.html">http://www.loc.gov/catdir/toc/cam025/00064185.html</a>
906 ## - LOCAL DATA ELEMENT F, LDF (RLIN)
a 7
b cbc
c orignew
d 1
e ocip
f 20
g y-gencatlg
942 ## - ADDED ENTRY ELEMENTS (KOHA)
Source of classification or shelving scheme
Koha item type Book
Holdings
Withdrawn status Lost status Source of classification or shelving scheme Damaged status Not for loan Permanent Location Current Location Shelving location Date acquired Total Checkouts Full call number Barcode Date last seen Price effective from Koha item type
          Pakistan Navy Engineering College (PNEC) Pakistan Navy Engineering College (PNEC)       943.08 MCA PNECLIB-025627 10/04/2015   Book
© 2023 Central Library, National University of Sciences and Technology. All Rights Reserved.